000 01029nmm a2200373 a 4500
003 AR-BaBNM
005 20251128211431.0
008 164020s1998 ||||||||||||||000 | spa||
020 _a987-507-051-3
040 _cAR-BaBNM
245 1 0 _aEl Mercosur en el nuevo orden mundial
260 _aBuenos Aires
_bCiudad Argentina
_c1998
300 _a415 p.
650 4 _aINTEGRACION REGIONAL
650 4 _aINTEGRACION SOCIAL
650 4 _aOPINION PUBLICA
650 4 _aREGIONALIZACION
650 4 _aRECURSOS ECONOMICOS
653 _aMERCOSUR
653 _aGLOBALIZACION
700 1 _aStahringer de Caramuti, Ofelia
_ecoordinador
700 1 _aAccioly Pinto de Almeida, Elizabeth
700 1 _aCorna, Olga
700 1 _aSilva, Carlos da
700 1 _aMorelli de Bracali, Silvia
700 1 _aO´Keefe, Thomas Andrew
700 1 _aOviedo, Eduardo
700 1 _aRippe, Siegbert
700 1 _aVanoli, Alejandro
700 1 _aVittini, Iris
700 1 _aZanin, Gabriela
942 _cBK
998 _cMariana
999 _c19677
_d19677